THE BLOOD STAINS (Record no. 216317)

MARC details
000 -LEADER
fixed length control field 00447nam a22001577a 4500
008 - FIXED-LENGTH DATA ELEMENTS--GENERAL INFORMATION
fixed length control field 251201b |||||||| |||| 00| 0 eng d
020 ## - INTERNATIONAL STANDARD BOOK NUMBER
International Standard Book Number 978-9914-9859-6-2
050 ## - LIBRARY OF CONGRESS CALL NUMBER
Classification number PR 821 .N 93 2020
Item number 1
100 ## - MAIN ENTRY--PERSONAL NAME
Personal name NYAMWANGE, ALFRED NYAGAKA
245 ## - TITLE STATEMENT
Title THE BLOOD STAINS
260 ## - PUBLICATION, DISTRIBUTION, ETC.
Place of publication, distribution, etc. NAIROBI,
Name of publisher, distributor, etc. The Writers Pen, Kisii,
Date of publication, distribution, etc. 2024,
300 ## - PHYSICAL DESCRIPTION
Extent V, 190 P, ILL
650 ## - SUBJECT ADDED ENTRY
Topical term or geographic name entry element Kenyan fiction (English), Novels
942 ## - ADDED ENTRY ELEMENTS (KOHA)
Source of classification or shelving scheme Library of Congress Classification
Koha item type Reference
Holdings
Withdrawn status Lost status Source of classification or shelving scheme Damaged status Not for loan Collection Home library Current library Shelving location Date acquired Inventory number Total checkouts Full call number Barcode Date last seen Copy number Price effective from Koha item type
    Library of Congress Classification     Special Research Kisii University Library Kisii University Library On Display 12/01/2025 107033   PR 821 .N 93 2020 000000001595 12/01/2025 1 12/01/2025 Reference